[Event "Druzynowe Mistrzostwa Polski - II liga"]
[Site "Dom Wczasowy VIS Jastrzebia Gora"]
[Date "1899-12-30"]
[Round "4.48"]
[White "Zaskalski, Arkadiusz"]
[Black "Mrozowski, Patryk"]
[Result "0-1"]
[WhiteTitle "k"]
[BlackTitle "I++"]
[WhiteElo "2154"]
[BlackElo "2116"]

1. c4 e5 2. Nc3 Nc6 3. g3 g6 4. Bg2 Bg7 5. e3 d6 6. Nge2 f5 7. Rb1 Nf6 8. O-O O-O
9. b4 Ne7 10. Nd5 Nexd5 11. cxd5 Bd7 12. b5 Qe8 13. Nc3 g5 14. f4 exf4 15. gxf4
gxf4 16. Rxf4 Ng4 17. h3 Ne5 18. d4 Ng6 19. Rf2 Qe7 20. Qd3 Rae8 21. Bd2 Nh4 22.
Rbf1 Kh8 23. Ne2 Kg8 24. Nc3 Kh8 25. Ne2 Rg8 26. Kh2 Bh6 27. Nf4 Bxf4+ 28. exf4
Rxg2+ 29. Rxg2 Nxg2 30. Kxg2 Qe2+ 31. Qxe2 Rxe2+ 32. Rf2 Rxf2+ 33. Kxf2 Bxb5 34.
a3 Kg7 35. Ba5 b6 36. Be1 Kg6 37. Kf3 Kh5 38. Kg3 Bc4 39. Bc3 Bxd5 40. Bd2 Bc4
41. Be1 Bb5 42. Bc3 Bc4 43. Be1 Bf1 44. h4 Bc4 45. Kf3 Bd5+ 46. Kg3 Kg6 47. Kf2
Bf7 48. Ke3 Kf6 49. Kd3 Ke7 50. Bf2 Kd7 51. Be1 Kc6 52. Bf2 Kb5 53. Kc3 Kc6 54.
Kd3 Kd5 55. Be1 Be8 56. Bd2 h5 0-1

[Event "Druzynowe Mistrzostwa Polski - II liga"]
[Site "Dom Wczasowy VIS Jastrzebia Gora"]
[Date "1899-12-30"]
[Round "4.49"]
[White "Kopczyk, Daniel"]
[Black "Mika, Tomasz"]
[Result "1-0"]
[WhiteTitle "k+"]
[BlackTitle "CM"]
[WhiteElo "2167"]
[BlackElo "2157"]

1. e4 c6 2. Nc3 d5 3. Qe2 d4 4. Nd1 e5 5. d3 Nf6 6. Nf3 Bd6 7. g3 c5 8. Bg2 Nc6
9. O-O O-O 10. h3 Bd7 11. c4 dxc3 12. bxc3 b5 13. Ne3 Ne7 14. Bb2 Qc7 15. Nxe5
Bxe5 16. f4 Bd6 17. e5 Bxe5 18. fxe5 Qxe5 19. Bxa8 Rxa8 20. c4 Qxg3+ 21. Ng2 Bxh3
22. Rf3 Qxg2+ 23. Qxg2 Bxg2 24. Kxg2 bxc4 25. Bxf6 gxf6 26. dxc4 1-0

[Event "Druzynowe Mistrzostwa Polski - II liga"]
[Site "Dom Wczasowy VIS Jastrzebia Gora"]
[Date "1899-12-30"]
[Round "4.50"]
[White "Markiewicz, Jerzy"]
[Black "Dzwierzynski, Bartosz"]
[Result "1/2-1/2"]
[WhiteTitle "FM"]
[BlackTitle "I+"]
[WhiteElo "2205"]
[BlackElo "2089"]

1. e4 c5 2. Nf3 d6 3. d4 cxd4 4. Nxd4 Nf6 5. Nc3 g6 6. Be3 Bg7 7. f3 O-O 8. Qd2
Nc6 9. O-O-O d5 10. exd5 Nxd5 11. Nxc6 bxc6 12. Bd4 Nxc3 13. Qxc3 Bh6+ 14. Be3
Bxe3+ 15. Qxe3 Qb6 16. Qxe7 Be6 17. Qa3 Rad8 18. Bd3 Rd5 19. Rhe1 Ra5 20. Qc3
Rxa2 21. b3 Qa5 22. Qxa5 Rxa5 23. Kb2 Rd8 24. Kc1 Rf8 25. Kb2 Rd8 26. Be4 Rc8
27. Rd6 c5 28. Bd5 Bxd5 29. Rxd5 Rc7 30. Ree5 f6 31. Re6 Kf7 32. Rdd6 f5 33. c4
Re7 34. Rxe7+ Kxe7 35. Rd5 Ke6 36. g3 h5 37. h3 Ke7 38. h4 1/2-1/2

[Event "Druzynowe Mistrzostwa Polski - II liga"]
[Site "Dom Wczasowy VIS Jastrzebia Gora"]
[Date "1899-12-30"]
[Round "4.51"]
[White "Palacki, Rafal"]
[Black "Augustyn, Sebastian"]
[Result "1/2-1/2"]
[WhiteTitle "I"]
[BlackTitle "k"]
[WhiteElo "1860"]
[BlackElo "2093"]

1. e4 c5 2. Nf3 Nc6 3. d4 cxd4 4. Nxd4 g6 5. c4 Bg7 6. Be3 Nf6 7. Nc3 Ng4 8. Qxg4
Nxd4 9. Qd1 e5 10. Bd3 d6 11. O-O O-O 12. Qd2 Be6 13. Rac1 Rc8 14. b3 1/2-1/2

[Event "Druzynowe Mistrzostwa Polski - II liga"]
[Site "Dom Wczasowy VIS Jastrzebia Gora"]
[Date "1899-12-30"]
[Round "4.52"]
[White "Tatarczany, Piotr"]
[Black "Skladanowski, Adam"]
[Result "1/2-1/2"]
[WhiteTitle "II"]
[BlackTitle "I++"]
[WhiteElo "1624"]
[BlackElo "1774"]

1. d4 Nf6 2. Nf3 c6 3. c4 d5 4. Nc3 a6 5. cxd5 cxd5 6. Bf4 Nc6 7. e3 Bf5 8. a3
Rc8 9. Bd3 Bxd3 10. Qxd3 e6 11. O-O Bd6 12. Bxd6 Qxd6 13. b4 O-O 14. Rac1 h6 15.
h3 Rfd8 16. Rfd1 Rc7 17. Rc2 Rdc8 18. Rdc1 b5 19. g3 g6 20. Kg2 Kg7 21. Kg1 Kg8
22. Kg2 Kg7 23. Kg1 e5 24. dxe5 Nxe5 25. Nxe5 Qxe5 26. Qd4 Qxd4 27. exd4 Ne4 1/2-1/2

[Event "Druzynowe Mistrzostwa Polski - II liga"]
[Site "Dom Wczasowy VIS Jastrzebia Gora"]
[Date "1899-12-30"]
[Round "4.54"]
[White "Janeczko, Jakub"]
[Black "Grabowski, Pawel"]
[Result "1-0"]
[WhiteTitle "I++"]
[BlackTitle "FM"]
[WhiteElo "2159"]
[BlackElo "2253"]

1. e4 e5 2. Nf3 Nc6 3. Nc3 g6 4. d4 exd4 5. Nxd4 Bg7 6. Be3 Nf6 7. Nxc6 dxc6 8.
Qd5 Qd7 9. Qxd7+ Bxd7 10. O-O-O Be6 11. Be2 Nd7 12. f4 Bxc3 13. bxc3 f6 14. g4
Nb6 15. f5 Bc4 16. Bd3 Bxd3 17. cxd3 gxf5 18. gxf5 Kd7 19. Bh6 Rhg8 20. Rhg1 1-0

[Event "Druzynowe Mistrzostwa Polski - II liga"]
[Site "Dom Wczasowy VIS Jastrzebia Gora"]
[Date "1899-12-30"]
[Round "4.55"]
[White "Okrucinski, Tadeusz"]
[Black "Dalkowski, Rafal"]
[Result "0-1"]
[WhiteTitle "FM"]
[BlackTitle "k"]
[WhiteElo "2182"]
[BlackElo "2033"]

1. d4 d5 2. c4 dxc4 3. Nf3 Nf6 4. e3 e6 5. Bxc4 a6 6. a4 c5 7. O-O b6 8. Qe2 Bb7
9. Rd1 Qc7 10. Nc3 Nbd7 11. e4 cxd4 12. Nxd4 Ne5 13. Ba2 Neg4 14. g3 Bc5 15. Bf4
e5 16. Nd5 Qb8 17. Nxf6+ Nxf6 18. Nf5 exf4 19. b4 Bxf2+ 20. Qxf2 fxg3 21. Nxg7+
Ke7 22. Nf5+ Kf8 23. Nxg3 Qe5 24. Rf1 Rg8 25. Rad1 Qxe4 26. Qf3 Qxf3 27. Rxf3
Bxf3 28. Rf1 0-1

[Event "Druzynowe Mistrzostwa Polski - II liga"]
[Site "Dom Wczasowy VIS Jastrzebia Gora"]
[Date "1899-12-30"]
[Round "4.56"]
[White "Zdybel, Przemyslaw"]
[Black "Libura, Wieslaw"]
[Result "1-0"]
[WhiteTitle "I++"]
[BlackTitle "k"]
[WhiteElo "2002"]
[BlackElo "2192"]

1. e4 e6 2. d4 d5 3. Nc3 dxe4 4. Nxe4 Be7 5. Nf3 Nf6 6. Bd3 Nbd7 7. Qe2 Nxe4 8.
Bxe4 Nf6 9. Bxb7 Bxb7 10. Qb5+ Qd7 11. Qxb7 O-O 12. Qa6 c5 13. dxc5 Bxc5 14. O-O
Rab8 15. Qe2 Rfd8 16. b3 Bd4 17. Nxd4 Qxd4 18. Bg5 Qc3 19. Rad1 h6 20. Bxf6 gxf6
21. h3 Kf8 22. Rxd8+ Rxd8 23. Rd1 Rc8 24. Qd2 Qxc2 25. Qxh6+ 1-0

[Event "Druzynowe Mistrzostwa Polski - II liga"]
[Site "Dom Wczasowy VIS Jastrzebia Gora"]
[Date "1899-12-30"]
[Round "4.57"]
[White "Kindler, Przemyslaw"]
[Black "Pancewicz, Szymon"]
[Result "1/2-1/2"]
[WhiteTitle "k"]
[BlackTitle "I+"]
[WhiteElo "1969"]
[BlackElo "1850"]

1. a3 c5 2. f4 Nc6 3. Nf3 d5 4. e3 Bf5 5. Bb5 Qb6 6. Nc3 Nf6 7. Ne5 e6 8. O-O Bd6
9. d3 O-O 10. Bxc6 bxc6 11. e4 Bxe5 12. fxe5 Bg4 13. Qe1 Nd7 14. Qh4 f5 15. exf6
Nxf6 16. Na4 Qa5 17. b3 Be2 18. Re1 Bh5 19. e5 Nd7 20. Be3 Bf7 21. Nxc5 Nxc5 22.
b4 Qd8 23. Qxd8 Rfxd8 24. Bxc5 a6 1/2-1/2

[Event "Druzynowe Mistrzostwa Polski - II liga"]
[Site "Dom Wczasowy VIS Jastrzebia Gora"]
[Date "1899-12-30"]
[Round "4.58"]
[White "Suska, Szymon"]
[Black "Rybak, Tomasz"]
[Result "1/2-1/2"]
[WhiteTitle "I"]
[BlackTitle "k"]
[WhiteElo "1777"]
[BlackElo "2148"]

1. Nf3 c5 2. b3 d5 3. Bb2 Nc6 4. e3 Nf6 5. Bb5 Bd7 6. O-O e6 7. d3 Bd6 8. Bxc6
Bxc6 9. Ne5 Qc7 10. f4 O-O-O 11. Nd2 Ne8 12. Qe2 f6 13. Nxc6 Qxc6 14. e4 Nc7 15.
Rae1 Be7 16. exd5 Qxd5 17. Kh1 Rhf8 18. Nc4 1/2-1/2

[Event "Druzynowe Mistrzostwa Polski - II liga"]
[Site "Dom Wczasowy VIS Jastrzebia Gora"]
[Date "1899-12-30"]
[Round "4.59"]
[White "Wilk, Oktawia"]
[Black "Rejniak, Zuzanna"]
[Result "1/2-1/2"]
[WhiteTitle "I++"]
[BlackTitle "k"]
[WhiteElo "1821"]
[BlackElo "1834"]

1. e4 c5 2. Nf3 d6 3. d4 cxd4 4. Nxd4 Nf6 5. Nc3 a6 6. Bg5 e6 7. Bd3 Be7 8. O-O
h6 9. Be3 b5 10. a3 Bb7 11. Kh1 Nbd7 12. f3 d5 13. exd5 Nxd5 14. Nxd5 Bxd5 15.
Be4 Bxe4 16. fxe4 Bf6 17. Nxe6 fxe6 18. Qh5+ Kf8 19. e5 Qe8 20. Qxe8+ Kxe8 21.
exf6 gxf6 22. Rad1 Ke7 23. Rd2 Rac8 24. Rfd1 Ne5 1/2-1/2

[Event "Druzynowe Mistrzostwa Polski - II liga"]
[Site "Dom Wczasowy VIS Jastrzebia Gora"]
[Date "1899-12-30"]
[Round "4.60"]
[White "Mroziak, Maciej"]
[Black "Putlak, Wojciech"]
[Result "1-0"]
[WhiteTitle "IM"]
[BlackTitle "I++"]
[WhiteElo "2352"]
[BlackElo "1994"]

1. e4 e6 2. d3 d5 3. Nd2 Nf6 4. Ngf3 dxe4 5. dxe4 Bc5 6. Bd3 Nc6 7. O-O O-O 8.
e5 Ng4 9. Nb3 Bxf2+ 10. Rxf2 Nxf2 11. Kxf2 Nb4 12. Bxh7+ Kxh7 13. Ng5+ Kg6 14.
Qg4 Nd3+ 15. cxd3 f5 16. Qh4 f4 17. Qh7+ Kxg5 18. h4+ Kg4 19. Qg6+ Kxh4 20. Bd2
Qg5 21. Qh7+ 1-0

[Event "Druzynowe Mistrzostwa Polski - II liga"]
[Site "Dom Wczasowy VIS Jastrzebia Gora"]
[Date "1899-12-30"]
[Round "4.61"]
[White "Brylowski, Marian"]
[Black "Dzierzak, Radoslaw"]
[Result "0-1"]
[WhiteTitle "I++"]
[BlackTitle "FM"]
[WhiteElo "2065"]
[BlackElo "2254"]

1. e4 c5 2. Nf3 e6 3. d3 Nc6 4. g3 d5 5. Nbd2 Nf6 6. Bg2 Be7 7. O-O Qc7 8. Re1
dxe4 9. dxe4 e5 10. h3 Be6 11. Ng5 Bd7 12. c3 O-O 13. Nf1 h6 14. Nf3 Rfd8 15.
Qe2 Be6 16. g4 b5 17. Qxb5 c4 18. Ng3 Nd7 19. Bf1 Nc5 20. Nf5 Bf8 21. Be3 Rab8
22. Qxc5 Bxc5 23. Bxc5 Rxb2 24. Ba3 Rb7 25. Bc1 Qa5 26. Re3 Kh7 27. Be2 g6 28.
Ng3 Rd3 29. Bxd3 Qxc3 30. Rb1 Rxb1 31. Bxb1 Qxc1+ 32. Re1 Qb2 33. Nf1 Nd4 34.
Kg2 Nb5 35. Ne3 Na3 36. Nd1 Qxb1 37. Nxe5 c3 0-1

[Event "Druzynowe Mistrzostwa Polski - II liga"]
[Site "Dom Wczasowy VIS Jastrzebia Gora"]
[Date "1899-12-30"]
[Round "4.62"]
[White "Gola, Karol"]
[Black "Marszk, Kazimierz"]
[Result "1/2-1/2"]
[WhiteTitle "k"]
[BlackTitle "k"]
[WhiteElo "2148"]
[BlackElo "1872"]

1. e4 c5 2. Nf3 g6 3. c3 d6 4. e5 Nc6 5. Bb5 Bd7 6. Bxc6 bxc6 7. O-O e6 8. d3 Be7
9. Be3 h5 10. Qc1 a5 11. Bg5 Bxg5 12. Nxg5 Nh6 13. Qf4 Qe7 14. Nd2 Kf8 15. d4
1/2-1/2

[Event "Druzynowe Mistrzostwa Polski - II liga"]
[Site "Dom Wczasowy VIS Jastrzebia Gora"]
[Date "1899-12-30"]
[Round "4.63"]
[White "Sobolewski, Piotr"]
[Black "Duda, Lukasz"]
[Result "1-0"]
[WhiteTitle "k"]
[BlackTitle "k++"]
[WhiteElo "1944"]
[BlackElo "2115"]

1. e4 e6 2. d3 d5 3. Nd2 c5 4. Ngf3 Nc6 5. g3 Be7 6. Bg2 Nf6 7. O-O O-O 8. Re1
b5 9. e5 Nd7 10. Nf1 a5 11. h4 Bb7 12. N1h2 Qc7 13. Bf4 Nd4 14. Ng4 Nf5 15. Bg5
Rfe8 16. Bxe7 Rxe7 17. Qd2 Ree8 18. Qg5 Qd8 19. Qf4 Rc8 20. c3 Nf8 21. Ngh2 d4
22. cxd4 Bxf3 23. Nxf3 cxd4 24. Rac1 Ng6 25. Qe4 Qd5 26. Qxd5 exd5 27. Bh3 Rxc1
28. Rxc1 Nfe7 29. h5 Nf8 30. Nxd4 g6 31. hxg6 Nfxg6 32. Nf3 Rb8 33. d4 Rb6 34.
Rc5 Nc6 35. a3 b4 36. Rxd5 bxa3 37. bxa3 Rb3 38. Rc5 Rxf3 39. Rxc6 Rxa3 40. e6
fxe6 41. Bxe6+ Kg7 42. Ra6 Ra1+ 43. Kg2 a4 44. Bc4 a3 45. Bb3 h5 46. d5 Nf8 47.
d6 Kf6 48. Ra7 Ne6 49. Ra5 Nd4 50. d7 Ke7 51. d8=Q+ Kxd8 52. Rd5+ Ke7 53. Rxd4
a2 54. Ra4 1-0

[Event "Druzynowe Mistrzostwa Polski - II liga"]
[Site "Dom Wczasowy VIS Jastrzebia Gora"]
[Date "1899-12-30"]
[Round "4.65"]
[White "Baginskaite, Kamile"]
[Black "Pisarek, Elzbieta"]
[Result "1-0"]
[WhiteTitle "WGM"]
[BlackTitle "I++"]
[WhiteElo "2125"]
[BlackElo "1788"]

1. d4 c5 2. d5 d6 3. e4 Nf6 4. Nc3 g6 5. Bb5+ Nbd7 6. a4 a6 7. Be2 b6 8. f4 Bg7
9. Nf3 O-O 10. O-O Qc7 11. Bc4 Re8 12. Re1 e5 13. dxe6 fxe6 14. f5 Ne5 15. Nxe5
dxe5 16. fxg6 hxg6 17. Bg5 Qd8 18. Qe2 Bb7 19. Rad1 Qe7 20. Rf1 Rad8 21. Bxa6
Rxd1 22. Rxd1 Bxa6 23. Qxa6 Qc7 24. Qd3 Qb7 25. Rf1 Nh7 26. Bh4 g5 27. Bg3 Qc7
28. Rd1 c4 29. Qd7 Qxd7 30. Rxd7 Nf6 31. Rc7 Ng4 32. Bf2 Nxf2 33. Kxf2 Bf8 34.
Rxc4 Bc5+ 35. Ke2 Rf8 36. Nd1 Rf4 37. a5 Rg4 38. a6 Rxg2+ 39. Kd3 Rg1 40. Kd2
Rf1 41. b4 Rf7 42. bxc5 bxc5 43. Rxc5 Rd7+ 44. Kc1 1-0

[Event "Druzynowe Mistrzostwa Polski - II liga"]
[Site "Dom Wczasowy VIS Jastrzebia Gora"]
[Date "1899-12-30"]
[Round "4.66"]
[White "Kempinski, Tomasz"]
[Black "Panek, Bartosz"]
[Result "1-0"]
[WhiteTitle "FM"]
[BlackTitle "k"]
[WhiteElo "2181"]
[BlackElo "2179"]

1. e4 c6 2. d4 d5 3. exd5 cxd5 4. Bd3 Nc6 5. c3 Qc7 6. h3 g6 7. Nf3 Nf6 8. O-O
Bf5 9. Re1 Bg7 10. Ne5 Bxd3 11. Qxd3 Nxe5 12. dxe5 Nd7 13. Qxd5 Bxe5 14. Na3 e6
15. Qe4 Qc6 16. Qxc6 bxc6 17. Bg5 f6 18. Nc4 Kf7 19. Rad1 Rhd8 20. Rxe5 Nxe5 21.
Nxe5+ Kg7 22. Bh6+ Kg8 23. Rxd8+ Rxd8 24. Nxc6 Rd1+ 25. Kh2 a6 26. Be3 Ra1 27.
b4 1-0

[Event "Druzynowe Mistrzostwa Polski - II liga"]
[Site "Dom Wczasowy VIS Jastrzebia Gora"]
[Date "1899-12-30"]
[Round "4.67"]
[White "Bilczewski, Kacper"]
[Black "Rusiniak, Slawomir"]
[Result "1-0"]
[WhiteTitle "k+"]
[BlackTitle "k"]
[WhiteElo "2103"]
[BlackElo "2122"]

1. e4 g6 2. d4 Bg7 3. Nc3 d6 4. h3 Nf6 5. Nge2 O-O 6. g4 c5 7. d5 e6 8. dxe6 fxe6
9. Bg2 Nc6 10. O-O Nd4 11. f4 d5 12. e5 Nxe2+ 13. Nxe2 Nd7 14. g5 Rb8 15. Ng3
b5 16. h4 c4 17. Be3 Nb6 18. h5 Re8 19. Ne2 Bf8 20. Nd4 Bd7 21. hxg6 hxg6 22.
c3 Re7 23. Qc2 Rg7 24. Kf2 Qc7 25. Rh1 Bc5 26. Rh6 Bxd4 27. Bxd4 Kf7 28. Rah1
Rbg8 29. Bf3 Nc8 30. Rh7 Ne7 31. Bg4 a6 32. Kg3 Qc8 33. R1h6 Rxh7 34. Rxh7+ Rg7
35. Qh2 Qg8 36. Rh8 1-0

[Event "Druzynowe Mistrzostwa Polski - II liga"]
[Site "Dom Wczasowy VIS Jastrzebia Gora"]
[Date "1899-12-30"]
[Round "4.70"]
[White "Andrzejewska, Anna"]
[Black "Kubik, Rafal"]
[Result "0-1"]
[WhiteTitle "WCM"]
[BlackTitle "I++"]
[WhiteElo "1910"]
[BlackElo "2023"]

1. e4 c5 2. Nf3 d6 3. d4 cxd4 4. Nxd4 Nf6 5. Nc3 g6 6. Be3 Bg7 7. f3 O-O 8. Qd2
Nc6 9. O-O-O d5 10. Nxc6 bxc6 11. exd5 cxd5 12. Nxd5 Nxd5 13. Qxd5 Qc7 14. Qc5
Qb7 15. Qa3 Bf5 16. Bd3 Rab8 17. b3 Qc6 18. Bxf5 Qc3 19. Bd3 Rbc8 20. h4 Rfd8
21. Qa6 Qa1+ 22. Kd2 Rxc2+ 23. Ke1 Bc3+ 24. Bd2 Bxd2+ 25. Ke2 Qe5+ 26. Kf1 Bc3
27. h5 Qe3 28. Bxc2 Rxd1+ 0-1

[Event "Druzynowe Mistrzostwa Polski - II liga"]
[Site "Dom Wczasowy VIS Jastrzebia Gora"]
[Date "1899-12-30"]
[Round "4.71"]
[White "Stebel, Agata"]
[Black "Mlynarska, Sylwia"]
[Result "1-0"]
[WhiteTitle "k"]
[BlackTitle "k+"]
[WhiteElo "1885"]
[BlackElo "1922"]

1. e4 c6 2. d4 d5 3. e5 c5 4. dxc5 Nc6 5. Bb5 e6 6. Be3 Bd7 7. Bxc6 Bxc6 8. Nf3
Ne7 9. c3 Qc7 10. b4 Nf5 11. Bd4 a5 12. O-O Be7 13. Re1 g5 14. Kh1 h5 15. Ng1
g4 16. Ne2 Bg5 17. Qd3 h4 18. Na3 f6 19. exf6 Kf7 20. b5 Bd7 21. c4 Nxd4 22. Qxd4
Bxf6 23. Qxg4 Qxc5 24. Qf3 dxc4 25. Rac1 Qd5 26. Nxc4 Qxf3 27. gxf3 Ke7 28. Nb6
Bxb5 29. Nxa8 Rxa8 30. Nc3 Bc6 31. Ne4 Bd4 32. Kg2 Rg8+ 33. Kh3 e5 34. Rg1 Rf8
35. Rg7+ Ke6 36. Kxh4 Bxe4 37. fxe4 Rxf2 38. Rxb7 Kd6 39. h3 Rxa2 40. Rb5 a4 41.
Rd5+ Ke6 42. Rc6+ Ke7 43. Rb5 Rb2 44. Rxb2 Bxb2 45. Ra6 a3 46. Kg5 Kd7 47. h4
Kc7 48. h5 1-0

[Event "Druzynowe Mistrzostwa Polski - II liga"]
[Site "Dom Wczasowy VIS Jastrzebia Gora"]
[Date "1899-12-30"]
[Round "4.72"]
[White "Zebracki, Tomasz"]
[Black "Majocha, Piotr"]
[Result "1-0"]
[WhiteTitle "k+"]
[BlackTitle "I++"]
[WhiteElo "2209"]
[BlackElo "1975"]

1. e4 c5 2. Nf3 Nc6 3. d4 cxd4 4. Nxd4 Nf6 5. Nc3 e5 6. Ndb5 d6 7. Bg5 a6 8. Na3
b5 9. Bxf6 gxf6 10. Nd5 Bg7 11. c3 f5 12. exf5 Bxf5 13. Qf3 Bd7 14. Bd3 O-O 15.
g4 Ne7 16. Be4 Nxd5 17. Bxd5 Rb8 18. Nc2 Qg5 19. Ne3 b4 20. c4 b3 21. h4 Qf4 22.
axb3 Rxb3 23. Rxa6 Rxb2 24. O-O Rd2 25. Kg2 Rd4 26. Rxd6 Bxg4 27. Qxf4 Rxf4 28.
Kg3 Bf5 29. c5 Be4 30. c6 Rf3+ 31. Kh2 Bxd5 32. Rxd5 Rc8 33. c7 Rxc7 34. Rd8+
Rc8 1-0

[Event "Druzynowe Mistrzostwa Polski - II liga"]
[Site "Dom Wczasowy VIS Jastrzebia Gora"]
[Date "1899-12-30"]
[Round "4.73"]
[White "Laszewicz, Pawel"]
[Black "Borgula, Rafal"]
[Result "1/2-1/2"]
[WhiteTitle "k"]
[BlackTitle "FM"]
[WhiteElo "1995"]
[BlackElo "2201"]

1. e4 c5 2. Nf3 a6 3. c4 d6 4. d4 cxd4 5. Nxd4 Nf6 6. Nc3 e5 7. Nc2 Be6 8. b3 Be7
9. Be2 O-O 10. O-O Nbd7 11. Bb2 Rc8 12. f3 Qb6+ 13. Kh1 Rfd8 14. Qd2 Bf8 15. Rfd1
Nc5 16. Bf1 Qa7 17. Qe3 Qb8 18. Rac1 Bd7 19. Nd5 Nxd5 20. cxd5 Re8 21. g4 Be7
22. Ne1 h6 23. Qf2 b5 24. Bc3 Bg5 25. Bd2 Bxd2 26. Qxd2 b4 27. Ng2 a5 28. g5 hxg5
29. Qxg5 a4 30. Bc4 axb3 31. axb3 Qb6 32. Ne3 Qd8 33. Qxd8 Rexd8 34. Ra1 Ra8 35.
Nc2 Rxa1 36. Rxa1 Rb8 37. Kg1 f5 38. exf5 Bxf5 39. Ne3 Bg6 40. Kf2 Rf8 41. Kg3
1/2-1/2

[Event "Druzynowe Mistrzostwa Polski - II liga"]
[Site "Dom Wczasowy VIS Jastrzebia Gora"]
[Date "1899-12-30"]
[Round "4.74"]
[White "Paprocki, Jaroslaw"]
[Black "Luba, Lukasz"]
[Result "1-0"]
[WhiteTitle "k++"]
[BlackTitle "k"]
[WhiteElo "2170"]
[BlackElo "2095"]

1. Nf3 d5 2. g3 Nc6 3. d4 Bf5 4. a3 Qd7 5. b4 a6 6. Nbd2 Nf6 7. Bb2 Ne4 8. e3 e6
9. Bg2 Be7 10. Nb3 Bg4 11. O-O Ng5 12. h4 Ne4 13. Qd3 Bf5 14. Qe2 Bg4 15. Qd3
Bf5 16. Qd1 Bg4 17. Qc1 Qd8 18. Nh2 Be2 19. Re1 Bc4 20. Nc5 Nxc5 21. dxc5 e5 22.
Rd1 a5 23. Bxd5 Bxd5 24. c4 axb4 25. cxd5 Nb8 26. axb4 Rxa1 27. Qxa1 f6 28. Qa2
Qd7 29. Qc4 c6 30. e4 Na6 31. Nf1 cxd5 32. Rxd5 Qa4 33. Bc3 Nxc5 34. Rxc5 Bxc5
35. Qxc5 Qc6 36. Qxc6+ bxc6 37. f4 exf4 38. gxf4 Kf7 39. Kf2 Rb8 40. Ng3 g6 41.
Ne2 Ke6 42. Ke3 Ra8 43. Nd4+ Kd6 44. f5 g5 45. hxg5 fxg5 46. f6 Ra3 47. Kd2 g4
48. Nxc6 Kxc6 49. f7 Ra8 50. Bg7 g3 51. f8=Q Rxf8 52. Bxf8 g2 53. Bc5 h5 54. Ke2
h4 55. Kf2 1-0

[Event "Druzynowe Mistrzostwa Polski - II liga"]
[Site "Dom Wczasowy VIS Jastrzebia Gora"]
[Date "1899-12-30"]
[Round "4.75"]
[White "Machlowski, Slawomir"]
[Black "Popiol, Michal"]
[Result "0-1"]
[WhiteTitle "I+"]
[BlackTitle "CM"]
[WhiteElo "2005"]
[BlackElo "2183"]

1. g3 c5 2. Bg2 g6 3. c4 Bg7 4. Nc3 Nc6 5. e3 Nf6 6. Nge2 d6 7. d4 O-O 8. O-O Bd7
9. h3 Rb8 10. b3 a6 11. a4 Nb4 12. Bb2 Qc8 13. Kh2 Rd8 14. d5 b5 15. axb5 axb5
16. Qd2 Qb7 17. Rfb1 Ra8 18. e4 Ne8 19. f4 Rxa1 20. Rxa1 bxc4 21. bxc4 Ra8 22.
Rxa8 Qxa8 23. Nb5 Qa2 24. Nbc3 Qxc4 25. Nd1 Qc2 26. Qxc2 Nxc2 27. Bxg7 Kxg7 28.
Nec3 Nc7 29. Bf1 Nd4 30. Nb2 Ncb5 31. Ncd1 f5 32. Bg2 fxe4 33. Bxe4 Bf5 34. Bxf5
gxf5 35. Nc4 h5 36. Kg2 Kf6 37. Kf2 Nc2 38. Nb6 e6 39. Nd7+ Ke7 40. dxe6 Kxe6
41. Nf8+ Ke7 42. Nh7 d5 43. Ke2 d4 44. Kd3 Nca3 45. Nb2 Ke6 46. Nc4 Nxc4 47. Kxc4
Nd6+ 48. Kxc5 d3 49. Ng5+ Kf6 50. Nf3 Ne4+ 51. Kd4 d2 52. Nxd2 Nxd2 53. Ke3 Ne4
54. Kf3 Kg6 55. Kg2 Nf6 56. Kf3 Kf7 57. Ke3 Ke6 58. Kd4 Kd6 59. Ke3 Kc5 60. g4
hxg4 61. Kd4+ 0-1

[Event "Druzynowe Mistrzostwa Polski - II liga"]
[Site "Dom Wczasowy VIS Jastrzebia Gora"]
[Date "1899-12-30"]
[Round "4.76"]
[White "Wolanski, Michal"]
[Black "Szydelko, Michal"]
[Result "0-1"]
[WhiteTitle "I++"]
[BlackTitle "I++"]
[WhiteElo "1918"]
[BlackElo "1699"]

1. c4 e5 2. g3 Nf6 3. Bg2 d5 4. cxd5 Nxd5 5. Nc3 Nb6 6. Nf3 Nc6 7. O-O Be7 8. a3
O-O 9. b4 Be6 10. d3 a5 11. b5 Nd4 12. Nd2 c6 13. bxc6 Nxc6 14. Rb1 Rb8 15. Nf3
Nd5 16. Nb5 f6 17. e4 Nc7 18. Qa4 Nxb5 19. Qxb5 Na7 20. Qb6 Qxb6 21. Rxb6 Nc6
22. Bb2 Rfd8 23. d4 exd4 24. Rd1 Bc5 25. Rb5 b6 26. Bc1 Bc4 27. Rb1 a4 28. Nd2
Bd3 29. Ra1 Bc2 30. Re1 Ne5 31. Ra2 d3 32. Bb2 Ng4 33. Rf1 b5 34. h3 Ne5 35. Rc1
Nc4 36. Nxc4 bxc4 37. Bc3 Rb3 38. Ba5 Rdb8 39. Raxc2 dxc2 40. Rxc2 Bxa3 41. Rxc4
Bb4 42. Bc7 a3 43. e5 a2 44. Bd5+ Kf8 45. Bxb8 a1=Q+ 46. Kg2 Rb1 47. Rc8+ Ke7
48. exf6+ Kxf6 49. Rc6+ Ke7 50. Rc7+ Kd8 51. Kh2 Qd4 52. Bg2 Qxf2 53. Ba7 Qxg2+
0-1

[Event "Druzynowe Mistrzostwa Polski - II liga"]
[Site "Dom Wczasowy VIS Jastrzebia Gora"]
[Date "1899-12-30"]
[Round "4.78"]
[White "Jaskolka, Tomasz"]
[Black "Rudolf, Michal"]
[Result "1-0"]
[WhiteTitle "CM"]
[BlackTitle "FM"]
[WhiteElo "2213"]
[BlackElo "2328"]

1. d4 d5 2. c4 c6 3. Nf3 Nf6 4. g3 Bf5 5. Nc3 e6 6. Qb3 Qb6 7. c5 Qxb3 8. axb3
Na6 9. Ra4 Bc2 10. Bg2 Bxb3 11. Ra3 Bc2 12. O-O Be7 13. Bf4 Nh5 14. Bd2 Nf6 15.
Rfa1 O-O 16. Ne1 Bf5 17. Rb3 e5 18. Rxb7 exd4 19. Nxd5 Nxd5 20. Bxd5 Bxc5 21.
Bxc6 Nb8 22. Bf3 Nd7 23. Ra5 Rab8 24. b4 1-0

[Event "Druzynowe Mistrzostwa Polski - II liga"]
[Site "Dom Wczasowy VIS Jastrzebia Gora"]
[Date "1899-12-30"]
[Round "4.79"]
[White "Markowski, Damian"]
[Black "Pulik, Krzysztof"]
[Result "0-1"]
[WhiteTitle "FM"]
[BlackTitle "k"]
[WhiteElo "2186"]
[BlackElo "2046"]

1. e4 e6 2. d3 d5 3. Nd2 c5 4. Ngf3 Nc6 5. g3 g6 6. Bg2 Bg7 7. O-O Nge7 8. Re1
b6 9. e5 Qc7 10. Qe2 h6 11. c3 a5 12. Nf1 g5 13. h3 Ba6 14. N1h2 Ng6 15. Ng4 O-O-O
16. Nf6 Ngxe5 17. Nh5 Nxf3+ 18. Qxf3 Bf8 19. Bd2 Bd6 20. Bf1 Ne5 21. Qe3 d4 22.
cxd4 cxd4 23. Qe2 Bxd3 24. Qd1 Bxf1 25. Rxf1 Kb8 26. Nf6 Qb7 27. f3 Nc4 28. Ne4
Bc7 29. Kh2 f5 30. Rc1 Ne3 0-1

[Event "Druzynowe Mistrzostwa Polski - II liga"]
[Site "Dom Wczasowy VIS Jastrzebia Gora"]
[Date "1899-12-30"]
[Round "4.80"]
[White "Wozniak, Maciej"]
[Black "Warszawski, Bartosz"]
[Result "1-0"]
[WhiteTitle "k"]
[BlackTitle "m"]
[WhiteElo "2022"]
[BlackElo "2163"]

1. e4 c5 2. Nf3 e6 3. d4 cxd4 4. Nxd4 a6 5. Bd3 Qc7 6. O-O Nf6 7. Qe2 d6 8. f4
Nbd7 9. c4 h5 10. Nc3 Qb6 11. Kh1 Ng4 12. Nf3 Nc5 13. Bc2 Bd7 14. Rb1 a5 15. b3
Be7 16. a3 Rc8 17. Bd2 Qc7 18. b4 axb4 19. axb4 Na6 20. Bd3 Bf6 21. Nd1 Kf8 22.
Nf2 Re8 23. Nh3 g6 24. Nhg5 Bg7 25. Rbe1 f6 26. Nh3 f5 27. Nh4 Rh6 28. Ng5 Bd4
29. h3 Nf6 30. Qf3 Kg7 31. Qg3 Qd8 32. exf5 exf5 33. Bxf5 1-0

[Event "Druzynowe Mistrzostwa Polski - II liga"]
[Site "Dom Wczasowy VIS Jastrzebia Gora"]
[Date "1899-12-30"]
[Round "4.81"]
[White "Chalupnik, Marcin"]
[Black "Wozny, Tomasz"]
[Result "1-0"]
[WhiteTitle "k++"]
[BlackTitle "I"]
[WhiteElo "2135"]
[BlackElo "1761"]

1. e4 d5 2. exd5 Qxd5 3. Nc3 Qd6 4. d4 Nf6 5. Nf3 a6 6. Be2 Bf5 7. O-O e6 8. Ne5
Nc6 9. Nxc6 Qxc6 10. Bf3 Nd5 11. Nxd5 exd5 12. Re1+ Be6 13. Bg4 O-O-O 14. Bxe6+
fxe6 15. Qg4 Re8 16. Bf4 Rg8 17. Re3 Bb4 18. c3 Ba5 19. Rae1 Kb8 20. Rxe6 Ka7
21. Qe2 Rxe6 22. Qxe6 Qxe6 23. Rxe6 Rf8 24. Be5 Rf7 25. f4 b5 26. b4 Bb6 27. Re8
a5 28. a3 Kb7 29. g4 g6 30. Kg2 Kc6 31. Rd8 Rd7 32. Rf8 Re7 33. f5 axb4 34. axb4
Kd7 35. f6 Re8 36. Rf7+ Ke6 37. Rxh7 c6 38. Rg7 c5 39. bxc5 Bxc5 40. dxc5 1-0